[Event "POL-ch U15 Qual"]
[Site "Jastrzebia Gora"]
[Date "2021.11.19"]
[Round "7"]
[White "Turowski, Maciej"]
[Black "Czak, Dominik"]
[Result "1-0"]
[WhiteElo "1540"]
[BlackElo "1456"]
[PlyCount "99"]
[EventDate "2021.11.15"]
[EventType "swiss"]
[EventRounds "9"]
[EventCountry "POL"]
[SourceTitle "EXT 2023"]
[Source "ChessBase"]
[SourceDate "2022.10.05"]
[SourceVersion "1"]
[SourceVersionDate "2022.10.05"]
[SourceQuality "1"]

1. c4 Nf6 2. g3 g6 3. Bg2 Bg7 4. Nc3 0-0 5. d4 c5 6. e3 d6 7. Nge2 Nbd7 8. 0-0 Nb6 9. b3 Rb8 10. Bb2 Bd7 11. Qc2 Qc7 12. Rad1 e6 13. e4 Rfd8 14. d5 exd5 15. Nxd5 Nbxd5 16. cxd5 Bb5 17. Rfe1 Re8 18. f4 Ng4 19. Bxg7 Ne3 20. Qd2 Nxg2 21. Kxg2 Bxe2 22. Bb2 Bxd1 23. Qc3 f6 24. Qxf6 Re7 25. Qh8+ Kf7 26. Qxh7+ Kf8 27. Qh8+ Kf7 28. Qg7+ Ke8 29. Qxg6+ Kd7 30. e5 Rbe8 31. e6+ Kc8 32. Bf6 Qa5 33. Rxd1 Qxa2+ 34. Kg1 Qe2 35. Rf1 Qe3+ 36. Kg2 Qxb3 37. Bxe7 Qxd5+ 38. Kh3 Rxe7 39. f5 Qe5 40. Qg8+ Kc7 41. Rf4 Rg7 42. Qf8 b5 43. Rg4 Rh7+ 44. Rh4 Rxh4+ 45. Kxh4 Qe4+ 46. g4 Qe5 47. h3 b4 48. e7 Kd7 49. Qd8+ Kc6 50. e8Q+ 1-0

[Event "POL-ch U15 Qual"]
[Site "Jastrzebia Gora"]
[Date "2021.11.16"]
[Round "3"]
[White "Racis, Michal"]
[Black "Czak, Dominik"]
[Result "1-0"]
[WhiteElo "1820"]
[BlackElo "1456"]
[PlyCount "67"]
[EventDate "2021.11.15"]
[EventType "swiss"]
[EventRounds "9"]
[EventCountry "POL"]
[SourceTitle "EXT 2023"]
[Source "ChessBase"]
[SourceDate "2022.10.05"]
[SourceVersion "1"]
[SourceVersionDate "2022.10.05"]
[SourceQuality "1"]

1. Nf3 Nf6 2. d4 c5 3. e3 g6 4. c4 Bg7 5. Nc3 0-0 6. Be2 d6 7. 0-0 Bf5 8. Re1 Nc6 9. Bf1 Nb4 10. e4 Bg4 11. d5 Nd7 12. a3 Na6 13. h3 Bxf3 14. Qxf3 Ne5 15. Qg3 f5 16. f4 Nd7 17. exf5 Rxf5 18. Bd3 Rf7 19. Ne4 Bd4+ 20. Kh1 Nf6 21. Ng5 Nh5 22. Qh4 Bf6 23. g4 Bxg5 24. Qxg5 Nf6 25. f5 Qa5 26. Bd2 Qb6 27. fxg6 hxg6 28. Bc3 Raf8 29. Bxg6 Rg7 30. Qh6 e5 31. dxe6 Qc7 32. Bf7+ Rfxf7 33. exf7+ Qxf7 34. Qxf6 1-0